Guess the Kuroko's Basketball character by picture - Statistics

General Stats
  • This quiz has been taken 347 times
  • The average score is 16 of 28
Answer Stats
Picture Answer % Correct
Tetsuya Kuroko
99%
Taiga Kagami
97%
Daiki Aomine
95%
Ryota Kise
94%
Seijuro Akashi
91%
Shintaro Midorima
89%
Atsushi Murasakibara
83%
Junpei Hyuga
68%
Kiyoshi Teppei
67%
Satsuki Momoi
65%
Papa Mbaye Siki
58%
Nash Gold Jr
57%
Riko Aida
57%
Shun Izuki
54%
Kazunari Takao
52%
Tatsuya Himuro
52%
Rinnosuke Mitobe
51%
Jason Silver
49%
Yukio Kasamatsu
47%
Makoto Hanamiya
43%
Reo Mibuchi
43%
Ryo Sakurai
41%
Shogo Haizaki
41%
Kagetora Aida
36%
Eikichi Nebuya
35%
Kotaro Hayama
34%
Shoichi Imayoshi
28%
Tetsuya 2
23%
No matching quizzes found
Score Distribution
Percent of People with Each Score
Percentile by Number Answered
Your Score History
You have not taken this quiz